| 000 | 00376nam a2200145 a 4500 | ||
|---|---|---|---|
| 001 | 620 | ||
| 003 | CDMR | ||
| 005 | 20130116135156.0 | ||
| 008 | 130130s1983||||||||||||||||||||||||||||d | ||
| 040 |
_aCDMR _bcat _cCDMR |
||
| 100 | 1 |
_aDerieux, Emmanuel _9470 |
|
| 245 | 1 | 0 | _aCuestiones ético-jurídicas de la información |
| 260 |
_aPamplona _c1983 _bUniversidad de Navarra |
||
| 942 | _cMON | ||
| 999 |
_c620 _d620 |
||